000
00301nam a2200133Ia 4500
100
_a
Hunt/Roger./ Shelley
942
_c
BK
654
_a
computers
245
_a
Computers and commonsense
260
_b
prentice hall
_a
New Delhi
_c
1986
082
_a
1.64
_b
HUN/SHA
300
_a
175
546
_a
ENGLISH
999
_c
30478
_d
30478